<?xml version="1.0" encoding="UTF-8"?><?xml-stylesheet type="text/xsl" href="static/style.xsl"?><OAI-PMH xmlns="http://www.openarchives.org/OAI/2.0/" xmlns:xsi="http://www.w3.org/2001/XMLSchema-instance" xsi:schemaLocation="http://www.openarchives.org/OAI/2.0/ http://www.openarchives.org/OAI/2.0/OAI-PMH.xsd"><responseDate>2026-04-14T14:11:18Z</responseDate><request verb="GetRecord" identifier="oai:uvadoc.uva.es:10324/64994" metadataPrefix="marc">https://uvadoc.uva.es/oai/request</request><GetRecord><record><header><identifier>oai:uvadoc.uva.es:10324/64994</identifier><datestamp>2025-01-17T09:13:03Z</datestamp><setSpec>com_10324_1143</setSpec><setSpec>com_10324_931</setSpec><setSpec>com_10324_894</setSpec><setSpec>col_10324_1250</setSpec></header><metadata><record xmlns="http://www.loc.gov/MARC21/slim" xmlns:doc="http://www.lyncode.com/xoai" xmlns:xsi="http://www.w3.org/2001/XMLSchema-instance" xmlns:dcterms="http://purl.org/dc/terms/" xsi:schemaLocation="http://www.loc.gov/MARC21/slim http://www.loc.gov/standards/marcxml/schema/MARC21slim.xsd">
<leader>00925njm 22002777a 4500</leader>
<datafield tag="042" ind1=" " ind2=" ">
<subfield code="a">dc</subfield>
</datafield>
<datafield tag="720" ind1=" " ind2=" ">
<subfield code="a">Álvarez Ramos, Eva</subfield>
<subfield code="e">author</subfield>
</datafield>
<datafield tag="720" ind1=" " ind2=" ">
<subfield code="a">Mateos Blanco, María Belén</subfield>
<subfield code="e">author</subfield>
</datafield>
<datafield tag="720" ind1=" " ind2=" ">
<subfield code="a">Alejaldre Biel, Leyre</subfield>
<subfield code="e">author</subfield>
</datafield>
<datafield tag="720" ind1=" " ind2=" ">
<subfield code="a">Mayo Iscar, Agustín</subfield>
<subfield code="e">author</subfield>
</datafield>
<datafield tag="260" ind1=" " ind2=" ">
<subfield code="c">2021</subfield>
</datafield>
<datafield tag="520" ind1=" " ind2=" ">
<subfield code="a">Las recientes investigaciones llevadas a cabo por la neurociencia aplicadas concretamente al ámbito educativo ponen de manifiesto cómo nuestro cerebro guarda con una mayor precisión y a un mayor largo plazo aquellos acontecimientos, saberes, experiencias que se relacionan directamente con una emoción (bien sea positiva, bien sea negativa). Pretendemos, a través de este estudio, descubrir si los recuerdos y emociones adscritos a la lectura en la infancia infieren directamente en la adquisición del hábito lector. Para ello se ha efectuado una investigación mixta (a lo largo de 6 cursos académicos) entre el alumnado de cuarto curso de las facultades de educación de la Universidad de Valladolid (Campus de Valladolid y de Segovia) matriculados en las asignaturas Literatura Infantil y Conocimiento del Entorno a Través de la Literatura Infantil. La intención es discernir y mostrar qué tipos de emociones y recuerdos afectan directamente a la lectura y si estos guardan o no una relación constatada con el hábito lector actual.</subfield>
</datafield>
<datafield tag="024" ind2=" " ind1="8">
<subfield code="a">Tejuelo, (2021), 34, pp. 293-322.</subfield>
</datafield>
<datafield tag="024" ind2=" " ind1="8">
<subfield code="a">1988-8430</subfield>
</datafield>
<datafield tag="024" ind2=" " ind1="8">
<subfield code="a">https://uvadoc.uva.es/handle/10324/64994</subfield>
</datafield>
<datafield tag="024" ind2=" " ind1="8">
<subfield code="a">10.17398/1988-8430.34.293</subfield>
</datafield>
<datafield tag="024" ind2=" " ind1="8">
<subfield code="a">293</subfield>
</datafield>
<datafield tag="024" ind2=" " ind1="8">
<subfield code="a">322</subfield>
</datafield>
<datafield tag="024" ind2=" " ind1="8">
<subfield code="a">TEJUELO. DIDÁCTICA DE LA LENGUA Y LA LITERATURA.EDUCACIÓN</subfield>
</datafield>
<datafield tag="024" ind2=" " ind1="8">
<subfield code="a">34</subfield>
</datafield>
<datafield tag="024" ind2=" " ind1="8">
<subfield code="a">1988-8430</subfield>
</datafield>
<datafield tag="245" ind1="0" ind2="0">
<subfield code="a">El recuerdo y la emoción en la adquisición del hábito lector. Un estudio de caso</subfield>
</datafield>
</record></metadata></record></GetRecord></OAI-PMH>